Quản trị kinh doanh

সংরক্ষণ করুন:
গ্রন্থ-পঞ্জীর বিবরন
প্রধান লেখক: Nguyên Thảo
বিন্যাস: গ্রন্থ
ভাষা:Undetermined
প্রকাশিত: Hà Nội Lao động - Xã hội 2005
বিষয়গুলি:
ট্যাগগুলো: ট্যাগ যুক্ত করুন
কোনো ট্যাগ নেই, প্রথমজন হিসাবে ট্যাগ করুন!
Thư viện lưu trữ: Trung tâm Học liệu Trường Đại học Cần Thơ
LEADER 00598nam a2200217Ia 4500
001 CTU_101647
008 210402s9999 xx 000 0 und d
020 |c 79000 
082 |a 658 
082 |b Ng527 
100 |a Nguyên Thảo 
245 0 |a Quản trị kinh doanh 
245 0 |c Nguyên Thảo và Trung Nguyên 
260 |a Hà Nội 
260 |b Lao động - Xã hội 
260 |c 2005 
526 |a Quản trị rủi ro kinh doanh 
526 |b KT914 
650 |a industrial management 
904 |i Minh 
980 |a Trung tâm Học liệu Trường Đại học Cần Thơ